000 00612nam a2200181 i 4500
001 61846
003 ES-MaACL
005 20230906164545.0
007 t|
008 031114s1969 sp ||||1| spa d
245 0 3 _aLa fatiga industrial /
_cDesoille...[et al.] ; [traducción de Eduardo Fernández].
260 _aMadrid :
_bRicardo Aguilera,
_c[1969]
300 _a78 p. ;
_c18 cm.
500 _aColoquio de doctores especialistas y sociólogos celebrado en 1963 por el CEIM de París.
700 1 _aDesoille, Henri.
_943913
700 1 _aFernández, Eduardo.
_949355
852 _aES-MaACL
_jC-53487
_bR.68815
999 _c61846
_d61846